000 00878nam a2200253Ia 4500
003 OSt
005 20220923212924.0
006 a|||||r|||| 00| 0
007 ta
008 220922b |||||||| |||| 00| 0 hin d
024 _a156,967
037 _cTextual
040 _aARTS
_cARTS
_bhin
041 _2hin
_ahin
082 _aO152:g, M1
100 _aसिंहल, शशिभूषण
_9156279
245 0 _aहिन्दी साहित्य विचाएॅं और दिशाएॅं
246 _aHindī sāhitya vichāeॅan aur dishāeॅan
260 _aनई दिल्ली
_b प्रवीण प्रकाशन
_c1981
300 _a173 पृ.
_ccm.
650 _aहिन्दी साहित्य
_9156264
942 _hO152:g, M1
_cTEXL
_2CC
999 _c312184
_d312184